000 00284nam a22001337a 4500
008 170715b xxu||||| |||| 00| 0 eng d
020 _a9780767416962
041 _aeng
080 _a572
100 _a24
101 _aANT
245 _aHUMAN ANTIQUITY
_cFEDER K.L
942 _2udc
_cBK
999 _c21225
_d21225